[Event "Brno Open 2015"]
[Site "Brno CZE"]
[Date "2015.11.16"]
[Round "3.3"]
[White "Siegemund, Joachim"]
[Black "Gumularz, Szymon"]
[Result "1/2-1/2"]
[WhiteElo "2134"]
[BlackElo "2233"]
[PlyCount "127"]
[EventDate "2015.11.14"]
[EventType "swiss"]
[EventRounds "9"]
[EventCountry "CZE"]
[Source "lmi"]
[SourceDate "2015.11.14"]

1. d4 d5 2. c4 e6 3. Nf3 c6 4. Nc3 Nf6 5. e3 Nbd7 6. cxd5 exd5 7. Bd3 Bd6 8.
O-O O-O 9. e4 dxe4 10. Nxe4 Nxe4 11. Bxe4 Nf6 12. Bg5 h6 13. Bxf6 Qxf6 14. Qb3
Bg4 15. Rfe1 Bxf3 16. Qxf3 Qxd4 17. Rad1 Qc5 18. Bb1 Rad8 19. g3 Bc7 20. a3
Rxd1 21. Rxd1 Qe5 22. Qe4 Qxe4 23. Bxe4 Re8 24. Rd7 Bb6 25. Bf3 Re1+ 26. Kg2
Rb1 27. Rxb7 Rxb2 28. Bxc6 Rxf2+ 29. Kh3 Rd2 30. Rd7 Rf2 31. Bd5 g6 32. g4 Kg7
33. Kg3 Rf6 34. h3 Kf8 35. a4 Kg7 36. Bc4 Bf2+ 37. Kg2 Bc5 38. Bd5 Bb6 39. Bc4
h5 40. gxh5 gxh5 41. a5 Bxa5 42. Rxa7 Bb6 43. Rd7 Kg6 44. Bd3+ Kg5 45. Rd5+ Kh6
46. Rf5 Rg6+ 47. Kf3 Rd6 48. Be4 f6 49. Ke2 Re6 50. Kf3 Bc7 51. Rc5 Be5 52. Rc8
Kg5 53. Rg8+ Kh4 54. Bf5 Rb6 55. Ke4 Rb4+ 56. Kd5 Rb6 57. Ke4 Rd6 58. Ke3 Rd1
59. Rg2 Rf1 60. Bc8 f5 61. Ke2 Rf4 62. Rg8 Kxh3 63. Rg5 Kh4 64. Rxf5 1/2-1/2

[Event "Brno Open 2015"]
[Site "Brno CZE"]
[Date "2015.11.16"]
[Round "3.4"]
[White "Pokorny, Petr"]
[Black "Manasyan, Haik"]
[Result "1-0"]
[WhiteElo "2167"]
[BlackElo "2055"]
[PlyCount "117"]
[EventDate "2015.11.14"]
[EventType "swiss"]
[EventRounds "9"]
[EventCountry "CZE"]
[Source "lmi"]
[SourceDate "2015.11.14"]

1. d4 d5 2. c4 e6 3. Nc3 c6 4. Nf3 Nf6 5. cxd5 exd5 6. Bg5 h6 7. Bh4 Bd6 8. Qc2
Nbd7 9. e3 O-O 10. Bd3 Re8 11. O-O Nf8 12. Bg3 Bxg3 13. hxg3 Qd6 14. Rab1 Bg4
15. b4 Rac8 16. Rfc1 a6 17. Na4 Bxf3 18. gxf3 Re7 19. Nc5 h5 20. Kg2 g5 21. Rh1
Kg7 22. Bf5 Rce8 23. Nd3 N8d7 24. f4 g4 25. Ne5 Rh8 26. Nxd7 Nxd7 27. Bxg4 Nf6
28. Bf3 Qe6 29. Rh4 Ree8 30. Rbh1 Rh6 31. Bxh5 Qe4+ 32. Qxe4 Nxe4 33. Bxf7 Rxh4
34. Bxe8 Rxh1 35. Kxh1 Nf6 36. Bxc6 bxc6 37. f3 Ne8 38. Kg2 Nd6 39. Kf2 Nb5 40.
Ke1 Nc3 41. a3 Kf6 42. Kd2 Nb1+ 43. Kd3 Nxa3 44. g4 Nb5 45. e4 Nc7 46. e5+ Kg6
47. Ke3 Kh6 48. Kd3 Nb5 49. Ke3 Nc3 50. f5 Nb5 51. f4 Nc7 52. f6 Kg6 53. f5+
Kf7 54. g5 Ne8 55. Kf4 Nc7 56. e6+ Kf8 57. Ke5 Ne8 58. g6 c5 59. e7+ 1-0

[Event "Brno Open 2015"]
[Site "Brno CZE"]
[Date "2015.11.16"]
[Round "3.5"]
[White "Yakimenko, Alexander A"]
[Black "Kalinowska, Zuzanna"]
[Result "1-0"]
[WhiteElo "2101"]
[BlackElo "1937"]
[PlyCount "75"]
[EventDate "2015.11.14"]
[EventType "swiss"]
[EventRounds "9"]
[EventCountry "CZE"]
[Source "lmi"]
[SourceDate "2015.11.14"]

1. e4 e6 2. d4 d5 3. e5 c5 4. c3 Nc6 5. Nf3 Qb6 6. a3 c4 7. Nbd2 Na5 8. g3 Bd7
9. Bg2 Ne7 10. O-O Qc7 11. Re1 Nc8 12. Rb1 Nb6 13. Nf1 Ba4 14. Qe2 O-O-O 15. h4
Nb3 16. Bf4 Bc6 17. h5 Na4 18. h6 b5 19. Ne3 a5 20. Ng4 Kb7 21. Qe3 g6 22. Bg5
Rb8 23. Bf6 Rg8 24. Ng5 b4 25. axb4 axb4 26. Nxh7 bxc3 27. bxc3 Qa5 28. Nxf8
Rgxf8 29. Be7 Nxc3 30. Bxf8 Rxf8 31. Rb2 Nb5 32. Reb1 Kc7 33. Rxb3 cxb3 34. Bf1
Qa2 35. Rxb3 Nxd4 36. Rb4 Nf5 37. Qb6+ Kd7 38. Nf6+ 1-0

[Event "Brno Open 2015"]
[Site "Brno CZE"]
[Date "2015.11.16"]
[Round "3.6"]
[White "Vermirovsky, Vlastimil"]
[Black "Friedel, Roland"]
[Result "1-0"]
[WhiteElo "2013"]
[BlackElo "1696"]
[PlyCount "33"]
[EventDate "2015.11.14"]
[EventType "swiss"]
[EventRounds "9"]
[EventCountry "CZE"]
[Source "lmi"]
[SourceDate "2015.11.14"]

1. e4 e6 2. d4 d5 3. Nc3 dxe4 4. Nxe4 Bd7 5. Nf3 Bc6 6. Bd3 Nd7 7. O-O Ngf6 8.
Ng3 Bd6 9. Re1 Bxf3 10. Qxf3 c6 11. Nf5 Bf8 12. Bf4 g6 13. Nd6+ Bxd6 14. Bxd6
Nd5 15. c4 Ne7 16. d5 cxd5 17. cxd5 1-0

[Event "Brno Open 2015"]
[Site "Brno CZE"]
[Date "2015.11.16"]
[Round "3.7"]
[White "Svoboda, Zdenek"]
[Black "Zeman, Arnost"]
[Result "1/2-1/2"]
[WhiteElo "1691"]
[BlackElo "1965"]
[PlyCount "58"]
[EventDate "2015.11.14"]
[EventType "swiss"]
[EventRounds "9"]
[EventCountry "CZE"]
[Source "lmi"]
[SourceDate "2015.11.14"]

1. e4 c5 2. Nc3 g6 3. g3 Bg7 4. Bg2 Nc6 5. Nge2 d6 6. d3 Nf6 7. Bg5 O-O 8. Qd2
Re8 9. h4 h5 10. a3 Rb8 11. O-O-O b5 12. f4 b4 13. Bxf6 exf6 14. Nb1 bxa3 15.
Nxa3 f5 16. Nc4 Na5 17. Qxa5 Bxb2+ 18. Kd2 Qxa5+ 19. Nxa5 fxe4 20. Bxe4 Bg4 21.
Rde1 d5 22. Bxd5 Bxe2 23. Rxe2 Bc3+ 24. Kxc3 Rxe2 25. Nc6 Rb7 26. Bf3 Rf2 27.
Ne5 Re7 28. Bd5 Kg7 29. Ra1 f6 1/2-1/2

[Event "Brno Open 2015"]
[Site "Brno CZE"]
[Date "2015.11.16"]
[Round "3.8"]
[White "Pozimski, Szymon"]
[Black "Feldvabl, Vilem"]
[Result "1-0"]
[WhiteElo "1943"]
[BlackElo "1634"]
[PlyCount "73"]
[EventDate "2015.11.14"]
[EventType "swiss"]
[EventRounds "9"]
[EventCountry "CZE"]
[Source "lmi"]
[SourceDate "2015.11.14"]

1. e4 e5 2. Nf3 Nf6 3. Nxe5 d6 4. Nf3 Nxe4 5. Nc3 Nxc3 6. dxc3 Be7 7. Bd3 Nc6
8. Bf4 Be6 9. Nd4 Nxd4 10. cxd4 d5 11. Qh5 g6 12. Qf3 Bg5 13. O-O-O Qf6 14.
Bxg5 Qxg5+ 15. Kb1 O-O-O 16. Rde1 Rhe8 17. h3 h5 18. Re5 Qh6 19. Rhe1 Qg7 20.
Qg3 Bd7 21. f4 c6 22. a3 Rxe5 23. dxe5 Qf8 24. Qg5 Qg8 25. g4 hxg4 26. hxg4 Qh7
27. f5 gxf5 28. gxf5 Qg8 29. Qe3 b6 30. e6 fxe6 31. fxe6 Be8 32. Qe5 Kb7 33.
Rh1 Rc8 34. Rh7+ Ka8 35. Rg7 Qf8 36. Ba6 Rb8 37. Qc7 1-0

[Event "Brno Open 2015"]
[Site "Brno CZE"]
[Date "2015.11.16"]
[Round "3.9"]
[White "Atmani, Amine"]
[Black "Gajdos, Daniel"]
[Result "0-1"]
[WhiteElo "1575"]
[BlackElo "1900"]
[PlyCount "106"]
[EventDate "2015.11.14"]
[EventType "swiss"]
[EventRounds "9"]
[EventCountry "CZE"]
[Source "lmi"]
[SourceDate "2015.11.14"]

1. d4 Nf6 2. c4 g6 3. Nc3 d5 4. Nf3 Bg7 5. Bg5 Ne4 6. Bh4 Nxc3 7. bxc3 c5 8. e3
Nc6 9. Qb3 O-O 10. cxd5 Na5 11. Qa3 b6 12. dxc5 Qxd5 13. cxb6 axb6 14. Bxe7 Re8
15. Rd1 Qb7 16. Bb4 Be6 17. Qb2 Nc4 18. Qc2 Bd5 19. Be2 Ne5 20. Nxe5 Bxe5 21.
f3 Bxa2 22. Qd3 Qc7 23. f4 Bxf4 24. exf4 Bc4 25. Qf3 Rxe2+ 26. Qxe2 Bxe2 27.
Kxe2 Qxf4 28. Rd2 Re8+ 29. Kd1 Qg4+ 30. Kc1 Ra8 31. Kb2 Qc4 32. Kb1 Qa6 33.
Rhd1 Qa1+ 34. Kc2 Qa2+ 35. Kc1 Qa1+ 36. Kc2 Qa4+ 37. Kb2 Qe8 38. h3 Qe6 39. Rd5
Qe2+ 40. R1d2 Qc4 41. Ba3 Re8 42. Rd8 Rxd8 43. Rxd8+ Kg7 44. Bf8+ Kf6 45. Rd6+
Kf5 46. Bg7 Qb5+ 47. Ka2 Qe2+ 48. Kb3 b5 49. g4+ Kf4 50. Rd4+ Kg3 51. h4 f5 52.
gxf5 gxf5 53. Bh6 Qe6+ 0-1

[Event "Brno Open 2015"]
[Site "Brno CZE"]
[Date "2015.11.16"]
[Round "3.11"]
[White "Klucznik, Andre"]
[Black "Simon, Petr"]
[Result "1-0"]
[WhiteElo "1864"]
[BlackElo "1765"]
[PlyCount "51"]
[EventDate "2015.11.14"]
[EventType "swiss"]
[EventRounds "9"]
[EventCountry "CZE"]
[Source "lmi"]
[SourceDate "2015.11.14"]

1. Nf3 Nf6 2. e3 d6 3. b3 g6 4. Bb2 Bg7 5. c4 O-O 6. d4 c6 7. Be2 Bd7 8. Nbd2
a5 9. O-O Na6 10. a3 b5 11. e4 Nc7 12. Qc2 Rb8 13. Rab1 Ne6 14. g3 Qc7 15. e5
Ne8 16. Rfc1 Qb7 17. Bf1 N6c7 18. Nh4 d5 19. cxb5 Nxb5 20. a4 Na7 21. Ba3 Be6
22. Qc5 Nc7 23. Qxa5 Rfe8 24. Qc3 Na6 25. b4 Qd7 26. Bxa6 1-0

[Event "Brno Open 2015"]
[Site "Brno CZE"]
[Date "2015.11.16"]
[Round "3.12"]
[White "Zikan, Karel"]
[Black "Sojka, Oldrich"]
[Result "1-0"]
[WhiteElo "1704"]
[BlackElo "1569"]
[PlyCount "79"]
[EventDate "2015.11.14"]
[EventType "swiss"]
[EventRounds "9"]
[EventCountry "CZE"]
[Source "lmi"]
[SourceDate "2015.11.14"]

1. Nf3 Nf6 2. c4 g6 3. Nc3 d6 4. g3 Bg7 5. Bg2 c6 6. O-O O-O 7. d3 Bg4 8. h3
Bd7 9. Rb1 Na6 10. Qc2 Qc8 11. Kh2 Rb8 12. b4 Nc7 13. a4 a6 14. Be3 e5 15. Rfc1
Re8 16. b5 axb5 17. axb5 c5 18. Ng5 h6 19. Nge4 Nxe4 20. Nxe4 Re6 21. Ra1 f5
22. Nc3 Rf6 23. Ra7 Be6 24. Rca1 f4 25. gxf4 exf4 26. Bd2 g5 27. Ne4 Rg6 28.
Nxd6 Qd7 29. d4 Qxd6 30. Qxg6 f3+ 31. Kg1 fxg2 32. d5 Qe5 33. dxe6 Nxe6 34. Ra8
Nf4 35. Rxb8+ Qxb8 36. Bxf4 gxf4 37. Kxg2 Kh8 38. Rd1 b6 39. Rd6 Qf8 40. Re6
1-0

[Event "Brno Open 2015"]
[Site "Brno CZE"]
[Date "2015.11.17"]
[Round "4.1"]
[White "Mikalsen, Erlend"]
[Black "Piankov, Evgenij"]
[Result "1/2-1/2"]
[WhiteElo "2315"]
[BlackElo "2233"]
[PlyCount "129"]
[EventDate "2015.11.14"]
[EventType "swiss"]
[EventRounds "9"]
[EventCountry "CZE"]
[Source "lmi"]
[SourceDate "2015.11.14"]

1. e4 c6 2. d4 d5 3. e5 Bf5 4. h4 h5 5. c4 e6 6. Nc3 Nd7 7. cxd5 cxd5 8. Bd3
Bxd3 9. Qxd3 Ne7 10. Nf3 Nf5 11. Nxd5 Nxe5 12. dxe5 Qxd5 13. Qxd5 exd5 14. O-O
Be7 15. g3 O-O 16. Bf4 Rac8 17. Rac1 Rc6 18. Rfd1 Rfc8 19. Kf1 Bb4 20. a3 Ba5
21. Rxc6 bxc6 22. Ke2 Bb6 23. Rc1 a5 24. Rc2 Kf8 25. b4 Ke7 26. Kd3 Kd7 27. Bc1
axb4 28. axb4 Bd8 29. Ra2 Be7 30. Bd2 Rc7 31. Ng5 Bxg5 32. Bxg5 Rb7 33. Kc3 Ke6
34. Ra6 Kxe5 35. Rxc6 Ke4 36. Rc5 Nd4 37. Rc8 Nb5+ 38. Kd2 Kf3 39. Rc5 Kxf2 40.
Bf4 d4 41. Rxh5 Nc3 42. Kd3 Ne2 43. Bd6 g6 44. Rg5 Rd7 45. Be5 Nc1+ 46. Kc2 Na2
47. b5 Ke2 48. Bf4 d3+ 49. Kb3 d2 50. Bxd2 Rxd2 51. b6 Nc1+ 52. Kc4 Rc2+ 53.
Kd5 Nd3 54. Kd6 Rb2 55. Kc7 Nb4 56. Ra5 Rc2+ 57. Kd7 Rd2+ 58. Ke8 Rd6 59. Rb5
Nc6 60. Kxf7 Kf3 61. Rg5 Nd8+ 62. Ke7 Nb7 63. Kf7 Nd8+ 64. Ke7 Nb7 65. Kf7
1/2-1/2

[Event "Brno Open 2015"]
[Site "Brno CZE"]
[Date "2015.11.17"]
[Round "4.2"]
[White "Koziol, Kamil"]
[Black "Siegemund, Joachim"]
[Result "1-0"]
[WhiteElo "2250"]
[BlackElo "2134"]
[PlyCount "39"]
[EventDate "2015.11.14"]
[EventType "swiss"]
[EventRounds "9"]
[EventCountry "CZE"]
[Source "lmi"]
[SourceDate "2015.11.14"]

1. e4 e6 2. d4 d5 3. Nc3 Bb4 4. e5 c5 5. a3 Bxc3+ 6. bxc3 Ne7 7. Qg4 O-O 8. Bd3
Qa5 9. Bd2 Qa4 10. Ra2 Nbc6 11. Nf3 f5 12. exf6 Rxf6 13. Qh5 g6 14. Qg5 Rf7 15.
h4 e5 16. h5 h6 17. Qh4 e4 18. hxg6 Rg7 19. Bxh6 Nxg6 20. Qf6 1-0

[Event "Brno Open 2015"]
[Site "Brno CZE"]
[Date "2015.11.17"]
[Round "4.3"]
[White "Semenova, Elena"]
[Black "Dvorak, Adam"]
[Result "1-0"]
[WhiteElo "2170"]
[BlackElo "2215"]
[PlyCount "71"]
[EventDate "2015.11.14"]
[EventType "swiss"]
[EventRounds "9"]
[EventCountry "CZE"]
[Source "lmi"]
[SourceDate "2015.11.14"]

1. e4 c5 2. Nf3 e6 3. d4 cxd4 4. Nxd4 a6 5. Bd3 Nc6 6. Nxc6 bxc6 7. O-O d5 8.
Qe2 Qc7 9. c4 dxe4 10. Bxe4 Nf6 11. Bc2 c5 12. Nc3 Bb7 13. Ba4+ Bc6 14. Bf4 Qb6
15. Qf3 Rc8 16. Rad1 Bxa4 17. Nxa4 Qc6 18. Qxc6+ Rxc6 19. Rd3 Be7 20. Rfd1 h6
21. Bd6 Ne4 22. Bxe7 Kxe7 23. Rd7+ Kf6 24. f3 Ng5 25. Nc3 Rb8 26. h4 Nh7 27.
Ne4+ Ke5 28. Re1 Rxb2 29. Ng5+ Kf4 30. Re4+ Kf5 31. Nxh7 Rxa2 32. Nf8 Kf6 33.
Rf4+ Ke5 34. Rfxf7 Ra1+ 35. Kh2 Rd6 36. Ng6+ 1-0

[Event "Brno Open 2015"]
[Site "Brno CZE"]
[Date "2015.11.17"]
[Round "4.4"]
[White "Saddaoui, Yamine"]
[Black "Pokorny, Petr"]
[Result "1-0"]
[WhiteElo "2153"]
[BlackElo "2167"]
[PlyCount "75"]
[EventDate "2015.11.14"]
[EventType "swiss"]
[EventRounds "9"]
[EventCountry "CZE"]
[Source "lmi"]
[SourceDate "2015.11.14"]

1. e4 e5 2. Bc4 Nf6 3. d3 c6 4. Nf3 Be7 5. O-O Qc7 6. c3 O-O 7. Bg5 d6 8. Nbd2
Nbd7 9. Re1 b5 10. Bb3 Nc5 11. Bc2 Ne6 12. Be3 d5 13. Nf1 dxe4 14. dxe4 Bc5 15.
Ng3 Bxe3 16. fxe3 Bb7 17. Qe2 a6 18. c4 b4 19. Rf1 Ne8 20. Rad1 f6 21. c5 Qe7
22. Bb3 g6 23. Qc4 N8g7 24. Rd6 a5 25. Rfd1 Rfd8 26. Nf5 gxf5 27. exf5 a4 28.
Bxa4 Ba6 29. Qb3 Be2 30. Rxd8+ Rxd8 31. Rxd8+ Qxd8 32. fxe6 Bxf3 33. gxf3 Qd2
34. e7+ Kh8 35. Qd1 Qxe3+ 36. Kh1 Qd4 37. Qxd4 exd4 38. Kg2 1-0

[Event "Brno Open 2015"]
[Site "Brno CZE"]
[Date "2015.11.17"]
[Round "4.5"]
[White "Bartos, Jan"]
[Black "Yakimenko, Alexander A"]
[Result "0-1"]
[WhiteElo "2252"]
[BlackElo "2101"]
[PlyCount "74"]
[EventDate "2015.11.14"]
[EventType "swiss"]
[EventRounds "9"]
[EventCountry "CZE"]
[Source "lmi"]
[SourceDate "2015.11.14"]

1. d4 e6 2. c4 Nf6 3. Nf3 b6 4. g3 Ba6 5. Qc2 Bb4+ 6. Bd2 Be7 7. Bg2 O-O 8. O-O
Bb7 9. Nc3 d5 10. cxd5 exd5 11. Rfd1 Nbd7 12. Bf4 Nh5 13. Be3 c6 14. Re1 f5 15.
Rad1 Qe8 16. Bh3 Qf7 17. Bg5 Bd6 18. Nh4 g6 19. e3 Rfe8 20. f3 Nf8 21. e4 f4
22. e5 Be7 23. Bxe7 Qxe7 24. Ne2 fxg3 25. Ng2 gxh2+ 26. Kxh2 Ne6 27. f4 Rf8 28.
Rf1 Neg7 29. Ne3 Kh8 30. f5 gxf5 31. Nxf5 Nxf5 32. Rxf5 Ng7 33. Rff1 Ba6 34.
Rxf8+ Rxf8 35. Ng3 Qh4 36. Rh1 Nh5 37. Nf5 Rxf5 0-1

[Event "Brno Open 2015"]
[Site "Brno CZE"]
[Date "2015.11.17"]
[Round "4.6"]
[White "Tesar, Jan"]
[Black "Chan, Naruna"]
[Result "0-1"]
[WhiteElo "2019"]
[BlackElo "1897"]
[PlyCount "62"]
[EventDate "2015.11.14"]
[EventType "swiss"]
[EventRounds "9"]
[EventCountry "CZE"]
[Source "lmi"]
[SourceDate "2015.11.14"]

1. d4 f5 2. Bg5 g6 3. h4 Bg7 4. h5 h6 5. Bc1 g5 6. Nc3 d5 7. Nf3 Nc6 8. e3 Nf6
9. Ne5 Nxe5 10. dxe5 Ng4 11. f4 Be6 12. Be2 c6 13. Qd3 O-O 14. Bd2 Qc7 15. O-O
Qd7 16. Na4 b6 17. Bc3 c5 18. b3 Nxe3 19. Qxe3 d4 20. Qg3 dxc3 21. Rad1 Qc7 22.
Qxc3 gxf4 23. Bc4 Bxc4 24. Qxc4+ Kh8 25. Rfe1 Rad8 26. Rd5 Rxd5 27. Qxd5 Rd8
28. Qe6 Qd7 29. Qg6 Qd4+ 30. Kh2 b5 31. c3 Qf2 0-1

[Event "Brno Open 2015"]
[Site "Brno CZE"]
[Date "2015.11.17"]
[Round "4.7"]
[White "Kalinowska, Zuzanna"]
[Black "Strebkovs, Andrejs"]
[Result "0-1"]
[WhiteElo "1937"]
[BlackElo "2328"]
[PlyCount "162"]
[EventDate "2015.11.14"]
[EventType "swiss"]
[EventRounds "9"]
[EventCountry "CZE"]
[Source "lmi"]
[SourceDate "2015.11.14"]

1. d4 g6 2. Nf3 Bg7 3. e3 d6 4. Be2 Nd7 5. O-O c6 6. c4 e5 7. Nc3 Ngf6 8. b4
O-O 9. a4 a5 10. Ba3 axb4 11. Bxb4 e4 12. Nd2 c5 13. Ba3 Qe7 14. dxc5 dxc5 15.
Qc2 b6 16. Bb2 Bb7 17. Nb3 Ne5 18. a5 Nf3+ 19. Kh1 Qc7 20. g3 bxa5 21. Na4 Qc8
22. Bxf6 Qh3 23. Bxf3 exf3 24. Rg1 Bxf6 25. Rad1 Rfe8 26. Nbxc5 Bc6 27. Nb6
Rad8 28. Nd5 Bxd5 29. Rxd5 Rxd5 30. cxd5 Re5 31. Ne4 Bd8 32. Nd2 Rxd5 33. Nxf3
Qd7 34. Ra1 Bf6 35. Ra4 Be7 36. Rc4 Qh3 37. Qe2 Qd7 38. Qc2 Bf6 39. Kg2 Kg7 40.
Rc7 Qe6 41. Rc6 Rd6 42. Rc5 Ra6 43. Qa4 Bd8 44. Qd4+ Qf6 45. Qa4 Rd6 46. Rc4
Qb2 47. Rf4 Qb7 48. Qc4 Bf6 49. Qc2 h5 50. Rc4 Rb6 51. Rc7 Qd5 52. Rc5 Qa8 53.
Rc7 Re6 54. Rc8 Qe4 55. Qa2 g5 56. Qc4 g4 57. Qxe4 Rxe4 58. Nd2 Ra4 59. Rc5 Ra2
60. Ne4 Be7 61. Rxh5 a4 62. Ra5 a3 63. Nc3 Rb2 64. Ra4 f5 65. Ra7 Kf8 66. Nd5
Bc5 67. Ra5 Rc2 68. h4 gxh3+ 69. Kxh3 a2 70. f4 Kf7 71. g4 Ke6 72. Nc3 Rxc3 73.
Rxa2 Rxe3+ 74. Kh4 Be7+ 75. g5 Rf3 76. Ra4 Bd6 77. Kh5 Rxf4 78. Ra1 Rf2 79. Kg6
f4 80. Re1+ Be5 81. Kh5 Kf5 0-1

[Event "Brno Open 2015"]
[Site "Brno CZE"]
[Date "2015.11.17"]
[Round "4.9"]
[White "Kopecek, Ivan"]
[Black "Kalisch, Michael"]
[Result "0-1"]
[WhiteElo "1949"]
[BlackElo "1809"]
[PlyCount "86"]
[EventDate "2015.11.14"]
[EventType "swiss"]
[EventRounds "9"]
[EventCountry "CZE"]
[Source "lmi"]
[SourceDate "2015.11.14"]

1. e4 c6 2. d4 d5 3. exd5 cxd5 4. Bd3 Nc6 5. c3 g6 6. Bf4 Bf5 7. Nf3 Nf6 8. Ne5
Bxd3 9. Qxd3 Bg7 10. Nd2 O-O 11. h4 Qc8 12. f3 Qf5 13. Qxf5 gxf5 14. Nd3 b6 15.
Kf2 Rfd8 16. Nb3 Ne8 17. Rhg1 Nd6 18. g4 fxg4 19. Rxg4 Kh8 20. Rag1 Nf5 21. h5
h6 22. Ne5 Bxe5 23. dxe5 Rg8 24. a4 e6 25. Re1 Rge8 26. Nd4 Ncxd4 27. cxd4 Rac8
28. Re2 Rc4 29. b3 Rc3 30. Rb2 Rd8 31. Bd2 Rd3 32. Ke2 Rxd4 33. Rxd4 Nxd4+ 34.
Kf2 Nf5 35. Bb4 Kh7 36. Ke1 Rg8 37. Kd2 Rg1 38. Kd3 Rg5 39. Rc2 Rg3 40. Rc7
Rxf3+ 41. Kc2 Nd4+ 42. Kd1 Kg7 43. Rxa7 Nc6 0-1

[Event "Brno Open 2015"]
[Site "Brno CZE"]
[Date "2015.11.17"]
[Round "4.10"]
[White "Friedel, Roland"]
[Black "Hrivnakova, Anna"]
[Result "1-0"]
[WhiteElo "1696"]
[BlackElo "1589"]
[PlyCount "99"]
[EventDate "2015.11.14"]
[EventType "swiss"]
[EventRounds "9"]
[EventCountry "CZE"]
[Source "lmi"]
[SourceDate "2015.11.14"]

1. d4 Nf6 2. Nf3 g6 3. Bg5 Bg7 4. Nbd2 d5 5. e3 Bg4 6. Bd3 Nbd7 7. h3 Be6 8.
O-O c5 9. c3 Qc7 10. Re1 h6 11. Bf4 Qb6 12. Qc2 g5 13. Bh2 c4 14. Bf1 Qc6 15.
g4 Ne4 16. Bg2 f5 17. Nxe4 fxe4 18. Nd2 O-O 19. f4 exf3 20. Bxf3 Bf7 21. e4 e5
22. dxe5 Bxe5 23. exd5 Bxh2+ 24. Kxh2 Qd6+ 25. Kg1 Qc5+ 26. Kg2 Kg7 27. Ne4 Qb6
28. Ng3 Bg6 29. Qe2 Qf6 30. Qe7+ Qxe7 31. Rxe7+ Rf7 32. Rxf7+ Kxf7 33. Re1 Re8
34. Rxe8 Kxe8 35. Be4 Kf7 36. Bxg6+ Kxg6 37. Ne4 b5 38. Kf2 h5 39. Ke3 hxg4 40.
hxg4 Ne5 41. Nf2 a5 42. Kd4 Nd7 43. Ne4 Kh6 44. d6 Kg6 45. Kd5 b4 46. Kc6 bxc3
47. bxc3 Ne5+ 48. Kc7 Nd3 49. d7 Nf4 50. Nd6 1-0

[Event "Brno Open 2015"]
[Site "Brno CZE"]
[Date "2015.11.17"]
[Round "4.11"]
[White "Simon, Petr"]
[Black "Sojka, Oldrich"]
[Result "1-0"]
[WhiteElo "1765"]
[BlackElo "1569"]
[PlyCount "47"]
[EventDate "2015.11.14"]
[EventType "swiss"]
[EventRounds "9"]
[EventCountry "CZE"]
[Source "lmi"]
[SourceDate "2015.11.14"]

1. d4 Nf6 2. c4 g6 3. Nc3 Bg7 4. e4 d6 5. f3 O-O 6. Be3 c6 7. Nge2 e5 8. d5 c5
9. Qd2 b6 10. g4 a6 11. a4 Bd7 12. Ng3 Kh8 13. Be2 a5 14. h4 Ng8 15. h5 h6 16.
hxg6 fxg6 17. O-O-O Be8 18. Bxh6 Bxh6 19. Rxh6+ Nxh6 20. Qxh6+ Kg8 21. Rh1 Kf7
22. Qh7+ Kf6 23. g5+ Kxg5 24. Qh4# 1-0

[Event "Brno Open 2015"]
[Site "Brno CZE"]
[Date "2015.11.17"]
[Round "4.12"]
[White "Glacner, Karel"]
[Black "Rezny, Frantisek"]
[Result "1-0"]
[WhiteElo "1577"]
[BlackElo "1562"]
[PlyCount "63"]
[EventDate "2015.11.14"]
[EventType "swiss"]
[EventRounds "9"]
[EventCountry "CZE"]
[Source "lmi"]
[SourceDate "2015.11.14"]

1. e4 e5 2. d4 exd4 3. c3 d5 4. Qxd4 Nc6 5. Qxd5 Be6 6. Qxd8+ Rxd8 7. Bb5 Bd7
8. Nf3 a6 9. Bc4 b5 10. Bb3 Na5 11. Bf4 Nxb3 12. axb3 Bc8 13. Bxc7 Rd7 14. Bb6
Bd6 15. O-O Bf4 16. Bd4 f6 17. b4 Bb7 18. Nbd2 Ne7 19. Rfe1 O-O 20. Nb3 Bd6 21.
Bc5 Rfd8 22. Nfd4 Kf7 23. Bb6 Re8 24. Nc5 Bxc5 25. Bxc5 Ng6 26. f3 Nf4 27. Rad1
Re5 28. h4 g5 29. g3 Nh5 30. Nf5 Rxd1 31. Rxd1 Bc8 32. Nd6+ 1-0

[Event "Brno Open 2015"]
[Site "Brno CZE"]
[Date "2015.11.17"]
[Round "5.1"]
[White "Piankov, Evgenij"]
[Black "Saddaoui, Yamine"]
[Result "1-0"]
[WhiteElo "2233"]
[BlackElo "2153"]
[PlyCount "89"]
[EventDate "2015.11.14"]
[EventType "swiss"]
[EventRounds "9"]
[EventCountry "CZE"]
[Source "lmi"]
[SourceDate "2015.11.14"]

1. d4 Nf6 2. Nf3 e6 3. Bg5 Be7 4. e3 d5 5. c4 c6 6. Nc3 O-O 7. Qc2 Nbd7 8. cxd5
exd5 9. Bd3 Re8 10. O-O Nf8 11. Rab1 Ne4 12. Bxe7 Qxe7 13. b4 Ng6 14. Rfe1 Bg4
15. Nd2 Nxd2 16. Qxd2 Qg5 17. Bxg6 hxg6 18. Ne2 Bxe2 19. Rxe2 a6 20. a4 Qe7 21.
Qd3 Qd6 22. g3 Rec8 23. Rc2 Kf8 24. Qc3 Ke8 25. Re2 Kf8 26. Qc5 Qxc5 27. bxc5
Rc7 28. Reb2 Ra7 29. a5 Ke8 30. Kg2 Kd8 31. Kf3 Kc8 32. h4 Kb8 33. g4 Ra8 34.
h5 gxh5 35. gxh5 Ka7 36. Rg1 f6 37. Rbb1 Rh8 38. Rh1 Kb8 39. Rbg1 Kc8 40. Rg6
Rf7 41. Kf4 Kd7 42. Kf5 Ke7 43. h6 gxh6 44. Rhxh6 Rhf8 45. f3 1-0

[Event "Brno Open 2015"]
[Site "Brno CZE"]
[Date "2015.11.17"]
[Round "5.2"]
[White "Kassel, Walter"]
[Black "Mikalsen, Erlend"]
[Result "0-1"]
[WhiteElo "1923"]
[BlackElo "2315"]
[PlyCount "76"]
[EventDate "2015.11.14"]
[EventType "swiss"]
[EventRounds "9"]
[EventCountry "CZE"]
[Source "lmi"]
[SourceDate "2015.11.14"]

1. d4 Nf6 2. Nf3 b6 3. g3 Bb7 4. Bg2 c5 5. O-O cxd4 6. Nxd4 Bxg2 7. Kxg2 g6 8.
c4 Bg7 9. Nc3 Qc7 10. b3 Qb7+ 11. Kg1 d6 12. Bb2 Nbd7 13. Qd2 Ne5 14. f4 Ned7
15. Nf3 O-O 16. Rad1 Nc5 17. Nd5 Nxd5 18. Bxg7 Kxg7 19. Qxd5 Qxd5 20. Rxd5 a5
21. Nd2 Rfc8 22. e4 Ne6 23. Rb5 Rab8 24. Rg5 f6 25. Rg4 b5 26. Rh4 bxc4 27.
Nxc4 a4 28. Nd2 Rc2 29. Rf2 Rxa2 30. g4 axb3 31. Nb1 Rc8 32. Rh3 Rcc2 33. Rhf3
Nc5 34. e5 Rc1+ 35. Rf1 Rxf1+ 36. Kxf1 Ra1 37. exd6 Rxb1+ 38. Ke2 exd6 0-1

[Event "Brno Open 2015"]
[Site "Brno CZE"]
[Date "2015.11.17"]
[Round "5.3"]
[White "Chan, Naruna"]
[Black "Al Argha, Hisham"]
[Result "1/2-1/2"]
[WhiteElo "1897"]
[BlackElo "2312"]
[PlyCount "151"]
[EventDate "2015.11.14"]
[EventType "swiss"]
[EventRounds "9"]
[EventCountry "CZE"]
[Source "lmi"]
[SourceDate "2015.11.14"]

1. e4 e5 2. Nf3 Nf6 3. Nc3 Bb4 4. Bc4 O-O 5. O-O d6 6. d3 Nbd7 7. h3 c6 8. Bg5
h6 9. Bh4 g5 10. Bg3 b5 11. Bb3 Nc5 12. Ne2 Nxb3 13. axb3 Nh5 14. c3 Ba5 15. d4
f6 16. dxe5 dxe5 17. Qc2 Bb6 18. Rfd1 Qe7 19. c4 Be6 20. Rac1 Qc5 21. Ne1 Rfd8
22. Nd3 Qe7 23. c5 Bc7 24. Nb4 Qe8 25. Rxd8 Bxd8 26. Rd1 a5 27. Nd3 Qf7 28.
Ndc1 Be7 29. f3 a4 30. bxa4 Rxa4 31. b3 Ra3 32. Rd3 Qf8 33. Bf2 Qa8 34. Kh2 Ng7
35. Be1 Qe8 36. Bb4 Ra8 37. Qd2 h5 38. Qe1 Qg6 39. Qf2 Rf8 40. Bc3 Rd8 41.
Rxd8+ Bxd8 42. Qe3 Qf7 43. Qd2 Be7 44. b4 h4 45. Qb2 Bc4 46. Qa3 Ne6 47. Qa8+
Nd8 48. Kg1 Qe6 49. Qa1 Qd7 50. Qb2 Qd1+ 51. Kh2 Ne6 52. Qd2 Qxd2 53. Bxd2 Nd4
54. Nxd4 exd4 55. g3 hxg3+ 56. Kxg3 Bd8 57. f4 Bc7 58. Kf3 gxf4 59. Bxf4 Bxf4
60. Kxf4 Kf7 61. Kf3 Kg6 62. Ne2 d3 63. Nc3 Kg5 64. Nd1 Kh5 65. Ke3 Be6 66. Nf2
Kh4 67. Nxd3 Bxh3 68. Kf4 Kh5 69. Ne1 Kg6 70. Nf3 Kf7 71. Nd4 Bd7 72. e5 fxe5+
73. Kxe5 Ke7 74. Ne2 Bg4 75. Nf4 Bf3 76. Ng6+ 1/2-1/2